000 00620nam a2200181Ia 4500
003 IN-BaIIA
008 211028s9999 xx 000 0 eng d
040 _cIIA Library
080 _a(035)621.396
_bHMS
110 _aUnited Kingdom. Her Majesty's Stationery Office
_98173
245 0 _aAdmiralty hand book of wireless telegraph,
_bvol.1, magnetism and electricity
_cHis Majesty's Stationery Office
250 _a6th ed.
260 _aLondon
_bHer Majesty's Stationary Office
_c1938
300 _a[various pagings.]
650 _aAstronomy and Astrophysics Thesaurus
650 _aTelegraphy-Handbook
_98174
942 _cBK
999 _c4626
_d4626